000 01184nam a22002775a 4500
003 OSt
005 20170411114242.0
008 170313s2001 ua frb 000 0 ara d
015 _a2001 / 8039
020 _a9770434086
040 _aEG-ScBUE
_bara
_cEG-ScBUE
043 _af-ua---
082 0 4 _a346.62023
_bأ ب و
_222
100 1 _aأبو قرين، أحمد عبد العال.
245 1 2 _aالمركز القانوني للمتدخلين في تنفيذ عقود المقاولات في مجال المنشأت المعمارية في ضوء الفقه وأحكام القضاء والتشريع المقارن /
_cأحمد عبد العال أبو قرين.
250 _aط. 1.
260 _aالقاهرة :
_bدار النهضة العربية،
_c2001.
300 _a118 ص. ؛
_c24 سم.
504 _aيشتمل على إرجاعات ببليوجرافية.
650 7 _2BUEsh
_aالمباني
_xقوانين وتشريعات
_zمصر.
650 7 _2BUEsh
_aعقود المقاولة
_xقوانين وتشريعات
_zمصر.
650 7 _2BUEsh
_aعقود المقاولة (فقه إسلامي)
651 _2BUEsh
653 _bLLAAWW
_cApril2017
942 _2ddc
999 _c24638
_d24610